| 000 | 00648nam a22001817a 4500 | ||
|---|---|---|---|
| 999 |
_c14888 _d14888 |
||
| 003 | OSt | ||
| 082 | _2664 HAR/DE | ||
| 088 | _aT353 | ||
| 100 |
_aHAREESHA T. SHIDENUR _93596 |
||
| 245 | _aDevelopment and Evaluation of a Jackfruit Peeler Cum Corer | ||
| 260 |
_aTavanur 2017 _bDEPARTMENT OF FOOD AND AGRICULTURAL PROCESS ENGINEERING |
||
| 300 | _a106 | ||
| 500 | _aDevelopment and Evaluation of a Jackfruit Peeler Cum Corer | ||
| 520 | _aDevelopment and Evaluation of a Jackfruit Peeler Cum Corer | ||
| 700 |
_aDr. Santhi Mary Mathew (Guide) _93359 |
||
| 856 | _uhttps://drive.google.com/open?id=106wnFgoIutJn-bs1IdmEkL1OvrfflUmV | ||
| 942 | _cTH | ||